| 000 | 00936nac a22002651u 4500 | ||
|---|---|---|---|
| 003 | EG-ScBUE | ||
| 005 | 20221101140924.0 | ||
| 008 | 221101s2000 vraa f 000 0 eng d | ||
| 020 | _a1864700785 | ||
| 040 |
_aEG-ScBUE _beng _erda _cEG-ScBUE _dEG-ScBUE |
||
| 043 | _an-us--- | ||
| 082 | 0 | 4 |
_a720.973 _bMAL _222 |
| 100 | 1 |
_aVanmalderen, L. _q(Luc) _eauthor. |
|
| 245 | 1 | 0 |
_aAmerican architecture : _ba vintage postcard collection / _cLuc Van Malderen; Foreworded by Cesar Pelli. |
| 264 | 1 |
_aMulgrave, Victoria : _bImages Publishing Group ; _c2000. |
|
| 300 |
_a222 pages : _bcolor illustrations ; _c30 cm |
||
| 336 |
_2rdacontent _atext _btxt |
||
| 337 |
_2rdamedia _aunmediated _bn |
||
| 338 |
_2rdacarrier _avolume _bnc |
||
| 650 | 7 |
_aArchitecture _zUnited States _y20th century. _vCatalogs. _2BUEsh |
|
| 653 | _bENGARC | ||
| 655 | _vReading book | ||
| 700 | 1 |
_aPelli, Cesar, _eauthor of introduction, etc. |
|
| 942 |
_cBB _2ddc |
||
| 999 |
_c3132 _d3132 |
||